000 00478nam a2200169 a 4500
005 20160405143349.0
008 080201s19uu xx 00 eng d
020 _a978-184539-519-3
050 _aER
_bTa11
100 _aPatterson, Ellie
245 _aTail of the whale (The) /
_cEllie Patterson ; illustrated by Christine Pym
260 _as.l. :
_bLittle Bee,
_c2008.
440 _aTail of the whale (The)
651 _xWhale-fiction.
942 _2ddc
999 _c106172
_d106172